000 00845cam a2200229 4500
001 WB3606-41
008 000000n2000 000 0 eng u
035 _a(Sirsi) u104073
245 _aJittery surveyors wreck home deals
260 _c2000
490 _aSunday Telegraph
_v6 February 2000, 12B(2)
520 _aDiscusses the circumstances in which surveyors can undervalue a property, leading to potential buyers losing the property to other purchasers.
590 _aWB
650 _aUNDER-VALUATIONS
650 _aDOWN-VALUING
650 _aNATIONAL ASSOCIATION OF ESTATE AGENTS
650 _aPROPERTY PURCHASE
650 _aPROPERTY-RESIDENTIAL PROPERTY-ACQUISITION AND DISPOSAL OF RESIDENTIAL PROPERTY
650 _aRICS
690 _aPROPERTY-RESIDENTIAL PROPERTY-RESIDENTIAL PROPERTY APPRAISAL AND VALUATION
942 _n0
999 _c62453
_d62453